| 000 | 00354nam a2200157Ia 4500 | ||
|---|---|---|---|
| 100 | _aKothandaraman/C.P | ||
| 250 | _a2 | ||
| 942 | _cBK | ||
| 366 | _f20 | ||
| 654 | _afluid mechanics | ||
| 245 | _aFluid Mechanics and Machinery | ||
| 260 |
_bNew Age International Ltd. _aMumbai _c2007 |
||
| 082 |
_a532/KOT _bKOT |
||
| 300 | _a596 | ||
| 546 | _aENGLISH | ||
| 999 |
_c20023 _d20023 |
||